000 00988nam a22002657a 4500
005 20110331154354.0
008 110331t xxu||||| |||| 00| 0 eng d
010 _aENG-102199
020 _c195.00
_a9788125942443
035 _aEN-85732
037 _bDBAD/PUB
040 _adpl
_bEng
082 _a621.38
100 1 _926630
_aMurugesh Kumar, K.
245 1 0 _aElements of electrical engineering /
_cby K. Murugesh Kumar
260 _aNoida
_bVikas Publishing House
_c2011
270 _aA-22, Sector-4
_bNoida
_e201301
300 _axii,233 p.
_c24cm (pbk)
490 _aVikas-GTU students' series
_927311
650 0 _926631
700 _926636
942 _2ddc
_cEN
_mMUR
_h621.38
999 _c51344
_d51344